[Event "Bogota Avenida Chile op 5th"]
[Site "Bogota"]
[Date "2025.06.15"]
[Round "2"]
[White "Villalobos Celeita, Edgar Alfonso"]
[Black "Chalpartar Alvarez, Cristian Daniel"]
[Result "0-1"]
[WhiteElo "1634"]
[BlackElo "1865"]
[PlyCount "96"]
[EventDate "2025.06.15"]
[EventType "swiss (rapid)"]
[EventRounds "7"]
[EventCountry "COL"]
[SourceTitle "CB25_2025"]
[SourceDate "2025.06.18"]
[SourceVersion "1"]
[SourceVersionDate "2025.06.18"]
[SourceQuality "1"]

1. c4 g6 2. e3 Bg7 3. a3 c5 4. Nf3 b6 5. Be2 Nc6 6. Qc2 e5 7. Nc3 Nge7 8. Ne4 d6 9. b3 f5 10. Nc3 0-0 11. h4 h5 12. Ng5 f4 13. Nd5 Bf5 14. Bd3 fxe3 15. dxe3 Qd7 16. e4 Be6 17. Nxe6 Qxe6 18. Nc7 Qg4 19. f3 Qg3+ 20. Kd1 Nd4 21. Qb2 Rac8 22. Rh3 Qxh3 23. gxh3 Rxc7 24. Be2 Nec6 25. Qc3 Nxe2 26. Kxe2 Nd4+ 27. Kd1 Rxf3 28. Qe1 Rcf7 29. Bd2 Rf1 30. Qxf1 Rxf1+ 31. Be1 Nf3 32. Ke2 Rxe1+ 33. Rxe1 Nxe1 34. Kxe1 Bf6 35. Ke2 Bxh4 36. Kf3 Kf7 37. Ke3 Kf6 38. Kf3 Kg5 39. Ke3 Bg3 40. Kf3 Bf4 41. a4 a5 42. Kg2 Kh4 43. Kh1 Kxh3 44. Kg1 Kg3 45. Kh1 Be3 46. b4 axb4 47. a5 b3 48. a6 b2 0-1